000 00504nam a2200145Ia 4500
008 100204s9999 xx 000 0 und d
082 _b17701
100 _aकुलकर्णी अनुराधा
245 _aनिबंध रत्नाकर
260 _b"दिपाली प्रकाशन , कल्याण , ठाणे"
_c1993
300 _a92
630 _aनिबंध रत्नाकर
730 _aनिबंध रत्नाकर
942 _cBOOK
999 _c462124
_d462121